| 000 | 00000nam##2200000za#4500 |
| 001 | 9.695534 |
| 003 | CaOODSP |
| 005 | 20211005123321 |
| 007 | cr ||||||||||| |
| 008 | 150407|1993||||xxc|||||o f|0| 0 eng|d |
| 040 | |aCaOODSP|beng |
| 043 | |an-cn--- |
| 086 | 1 |aR34-5/1-1993E-PDF |
| 110 | 2 |aIndian and Inuit Affairs Program (Canada) |
| 245 | 10|aUmbrella final agreement between the government of Canada, the Council for Yukon Indians and the government of the Yukon |h[electronic resource] |
| 246 | 1 |iAdditional title (within publication) : |aUmbrella final agreement, Council for Yukon Indians |
| 260 | |bIndian and Northern Affairs. |c1993. |
| 300 | |a306p.|btables |
| 500 | |aContents: Definitions.--General provisions.--Eligibility and enrollment.--Reserves and land set aside.--Tenure and management of settlement land.--Access.--Expropriation.--Surface Rights Board.--Settlement land amount.--Special management areas.--Land use planning.--Development assessment.--Heritage.--Water management.--Definition of boundaries and measurement of areas of settlement land.--Fish and wildlife.--Forest resources.--Non-renewable resources.--Financial compensation.--Taxation.--Taxation of settlement land.--Economic development measures.--Resource royalty sharing.--Yukon Indian self-government.--Transboundary agreements.--Dispute resolution.--Yukon Fish and Wildlife Enhancement Trust.--Implementation and training for settlement implementation. |
| 500 | |a"Signed at Whitehorse, Yukon, the 29th day of May, 1993"--p.5 of 306. |
| 590 | |a12-09-Supp|b2012-03-21 |
| 690 | 07|aIndigenous rights|2gcpds |
| 710 | 2 |aCouncil for Yukon Indians. |
| 775 | 08|tAccord-cadre définitif entre le gouvernement du Canada, le Conseil des Indiens du Yukon et le gouvernement du Yukon |w(CaOODSP)9.639666 |
| 856 | 40|ahttp://publications.gc.ca|qPDF|s583 KB|uhttps://publications.gc.ca/collections/Collection/R34-5-1-1993E.pdf |